000 00530nam a2200205Ia 4500
003 GCL
005 20240530100403.0
008 140319s9999 xx 000 0 eng d
040 _aGCL /
_cGCL
082 0 4 _a780.92
_bL H \\=aWYNJONES, DAVID.v
100 _aLANDON. H.C.ROBBINS
245 1 0 _aHAYDEN: HIS LIFE AND MUSIC
_cLANDON. H.C.ROBBINS
260 _a[S.N] :
_bTHAMES AND HUDSON
650 0 4 _aARTS
650 0 4 _aMUSIC
650 0 4 _aHAYDN
650 0 4 _aBIOGRAPHIES
700 1 _aLANDON, H.C. RABBINS
942 _2ddc
_cBK
999 _c17224
_d17224